Sermon de honras predicado en las solemnes que celebro la Santa Iglesia Metropolitana de Mexico el dia 24 de noviembre del año de 1800 a la buena memoria de su difunto arzobispo el Excelentisimo e Ilustrisimo Señor D. Alonso Nuñez de Haro y Peralta... por el Sr. Dr. D. Gaspar Gonzalez de Candamo

Detalles Bibliográficos
Autor principal: González de Candamo, Gaspar
Formato: Libro
Lenguaje:Undetermined
Spanish
Publicado: s.l. : s.n., 1800.
Materias:
Colección:Banco de datos
Acervo:Biblioteca Palafoxiana. Colección bibliográfica
Descripción Física:XLVIII p. ; 4°
Tema general:Homilética
Notas:Número de localización: 15642-M
LEADER 00801nam a2200181Ia 4500
008 150723s9999 xx 000 0 und d
041 0 |a spa 
050 0 |a PAFX BV4207 A5 
100 1 |a González de Candamo, Gaspar 
245 1 0 |a Sermon de honras predicado en las solemnes que celebro la Santa Iglesia Metropolitana de Mexico el dia 24 de noviembre del año de 1800 a la buena memoria de su difunto arzobispo el Excelentisimo e Ilustrisimo Señor D. Alonso Nuñez de Haro y Peralta... por el Sr. Dr. D. Gaspar Gonzalez de Candamo 
260 |a s.l. : s.n., 1800. 
300 |a XLVIII p. ; 4° 
500 |a Número de localización: 15642-M 
501 |a Encuadernado con 16 obras 
650 1 0 |a Homilética 
942 |c PALALIB 
943 |g Biblioteca Palafoxiana. Colección bibliográfica 
999 |c 1053583  |d 1053583